Western economic warfare

Đã lưu trong:
書目詳細資料
主要作者: Karlsson, Gunnar Adler
格式: 圖書
語言:Undetermined
出版: London Almqvist & Wiksell 1968
主題:
標簽: 添加標簽
沒有標簽, 成為第一個標記此記錄!
Thư viện lưu trữ: Trung tâm Học liệu Trường Đại học Cần Thơ
LEADER 00576nam a2200193Ia 4500
001 CTU_82282
008 210402s9999 xx 000 0 und d
082 |a 338.91 
082 |b K18 
100 |a Karlsson, Gunnar Adler 
245 0 |a Western economic warfare 
245 0 |c Gunnar Adler Karlsson 
260 |a London 
260 |b Almqvist & Wiksell 
260 |c 1968 
650 |a East-west trade,International economic relations,United states 
650 |x Foreign economic relations 
904 |i Trọng Hải 
980 |a Trung tâm Học liệu Trường Đại học Cần Thơ